[Event "Nikaia op 11th"]
[Site "Nikaia"]
[Date "2003.08.??"]
[Round "9"]
[White "Dzhumaev, Marat"]
[Black "Avrukh, Boris"]
[Result "0-1"]
[WhiteElo "2495"]
[BlackElo "2557"]
[Annotator "Avrukh,B"]
[PlyCount "58"]
[EventDate "2003.08.17"]
[EventType "swiss"]
[EventRounds "9"]
[EventCountry "GRE"]
[SourceTitle "CBM 097"]
[Source "ChessBase"]
[SourceDate "2003.11.11"]
[SourceVersion "1"]
[SourceVersionDate "2003.11.11"]
[SourceQuality "1"]

{This game was played in the last round. We both were leading the field with
fantastic 7 out of 8. And telling the truth I expected a very safe play from
my opponent, with the idea to get a minimal edge and to press without any risk,
but my opponent was in very fighting spirit.} 1. e4 c5 2. Nf3 Nc6 3. Bb5 Nf6 4.
e5 Nd5 5. O-O Nc7 6. Nc3 ({Another type of the position would have arised
after:} 6. Bxc6 dxc6) 6... g6 7. Bc4 (7. Re1 $5 Nxb5 $140 $2 {Tombant dans le
piège.} ({Il fallait se contenter de} 7... Bg7 $142) 8. Nxb5 {Mon adversaire
avait certainement décelé la possibilité du sacrifice en d6, mais n'y croyait
manifestement pas ...} Bg7 9. d4 $32 {[%csl Ge1,Re8][%cal Yb5d6] Menaçant
d5-d6 avec étouffement.} cxd4 {[#]} (9... Nxd4 {aurait entraîné l'invasion de
la 7e rangée après} 10. Nfxd4 cxd4 11. Nd6+ $36) 10. Nd6+ $1 {Coucou!} Kf8 {
La meilleure chance. Les Noirs misent sur leur pion de plus pour espérer
résister.} ({Immédiatement fatal serait} 10... exd6 11. Bg5 $1 Qa5 12. exd6+
Ne5 (12... Kf8 13. Qe2 Kg8 14. Qe8+ Bf8 15. Qxf8+ Kxf8 16. Bh6+ Kg8 17. Re8#)
13. Nxe5 (13. Be7 f6) 13... O-O 14. Qxd4 {avec l'avantage d'un pion et d'une
position écrasante.}) 11. Nb5 $16 {1-0 Winants,L-Abbink,M/Haarlem 1997/CBM 61/
[Winants] (18) Le plus simple. Le Roi noir étant privé du roque, le Cavalier
rebrousse chemin pour récupérer le matériel investi (12.Nbxd4).}) 7... Bg7 8.
Re1 O-O 9. d3 b6 (9... d5 10. exd6 exd6 (10... Qxd6 $2 11. Ne4 $16 {[%csl Gc5]}
) 11. Bg5 Qd7 {[%cal Gd6d5]} 12. Bd5 (12. Qd2 $5 {[%cal Gg5h6]}) 12... Ne6 $6 (
12... b6 {[%cal Gc8b7]}) 13. Bd2 Ne7 14. a4 Nxd5 15. Nxd5 b6 16. Bc3 Bxc3 17.
bxc3 Kg7 18. c4 $16 {1-0 Sarakauskas,G-Mrna,V/Litomysl 1997/EXT 99 (19)}) 10.
a3 $146 {In my view this move is sensless, since Na5-c4 is not in my plans.
Other alternatives are:} (10. Bg5 d5 11. exd6 Qxd6 12. Qe2 Be6 13. Rad1 Nd4 14.
Nxd4 cxd4 15. Ne4 Qd7 16. Nd2 b5 17. Bb3 a5 $11 {0-1 Horner,J-Johansen,D/
Southport 1983/EXT 99 (56)}) (10. Bf4 Ne6 11. Bg3 Bb7 12. Ne4 Ned4 13. Nxd4
Nxd4 14. Bf4 Nf5 15. Qg4 d5 16. exd6 Nxd6 17. Nxd6 exd6 18. c3 d5 $11 {1/2-1/2
Pfleger,H-Manasterski,L/Polanica Zdroj 1971/MCL (52)}) (10. Nd5 Bb7 11. Bg5 Re8
12. a3 Nxd5 13. Bxd5 Qc7 14. Qd2 Nd4 15. Bxb7 Qxb7 16. Nxd4 cxd4 17. Bh6 Bh8
18. Re4 Rac8 19. Rae1 Rc5 $13 {1/2-1/2 Ricardi,P-Silva,S/Manila 1992/TD (66)})
10... d5 11. exd6 Qxd6 $1 {This is the difference, now black can take with
queen, as c5-pawn is protected and Ne4 is not dangerous. So we can make
aconclusion, that black easily solved all his opening problems and got a
comfortable play.} (11... exd6 12. Nd5 $11) 12. Ng5 $6 (12. Ne4 $142 Qd8 13. c3
Be6 {with equal chances} (13... Bg4 14. Neg5 {[%cal Gh2h3]} e6 15. h3 Bxf3 16.
Nxf3 Qd6 $11)) 12... h6 $1 (12... Nd4 13. Nce4 Qd7 14. c3 Nc6 15. Qe2 Bb7 $11)
13. Nge4 Qd8 {Very important, after the inaccurate 13...Qd7 black cannot move
the e-pawn, in this case white has the idea of Bh6.} 14. h4 $2 {My opponent
completely overestimated his chance, white is not ready for such a desperate
attack.} (14. Be3 $142 e6 {[%cal Gf7f5]} 15. Qd2 Kh7 16. Rab1 {[%cal Gb2b4]} f5
17. Ng3 e5 18. f4 $15) 14... e6 $17 {[%csl Gh4] Very important move in black's
strategy, which helps black to shut out white's light-squared bishop for a
long time.} 15. h5 g5 ({Avoiding unnecessary complications after} 15... f5 16.
hxg6 (16. Nd2 g5 $17) 16... fxe4 17. Nxe4 $1 (17. Qh5 Qf6 18. Nxe4 Qf5 $1 $19)
17... Ne5 18. Qh5) 16. f4 $6 (16. Bd2 f5 17. Ng3 {and now black has two
options:} Ne5 ({or positional} 17... Kh8 {[%cal Gd8d7,Gc8b7] with clear
advantage}) 18. Bb3 f4 19. Nge4 f3 {[%csl Gh5][%cal Gd8e8] with dangerous
attack}) 16... g4 {Now it becomes clear, that white's strategy ended up in
complete disaster. Black needs only to play f7-f5 in order to get
strategically winning position, so white decided to complicate the game
somehow.} (16... f5 $143 17. fxg5 (17. Nf2 g4 $17) 17... fxe4 18. Nxe4 $132 {
and white has some initiative}) 17. Qxg4 (17. Nf2 f5 18. Bd2 Qh4 $17 {[%csl
Gh5]}) 17... f5 18. Qg3 Nd4 ({Also winning} 18... fxe4 19. f5 {[%cal Gc1h6]} (
19. Nxe4 Nd4 $1 {[%cal Gd4f5]}) 19... Kh8 $1) 19. Ng5 Nxc2 (19... hxg5 20. fxg5
Nxc2 21. Bf4 {with some activity}) 20. Nxe6 Bxe6 21. Bxe6+ Nxe6 22. Rxe6 Nxa1
23. Rxh6 Rf6 $1 {The last accurate move, swaping the rooks black actually
secures the win.} 24. Rxf6 Qxf6 {Of course white could have resighned here.}
25. Nd5 Qd4+ 26. Ne3 Nb3 {[%csl Gc1]} 27. Kh2 Nxc1 28. Nxf5 Ne2 29. Qg6 Qg1+ (
29... Qg1+ 30. Kh3 Nxf4+) 0-1

[Event "Groningen Harmonie"]
[Site "Groningen"]
[Date "2002.12.29"]
[Round "8"]
[White "Jonkman, Harmen"]
[Black "Nijboer, Friso"]
[Result "0-1"]
[WhiteElo "2456"]
[BlackElo "2556"]
[Annotator "Avrukh,B"]
[PlyCount "54"]
[EventDate "2002.12.21"]
[EventType "tourn"]
[EventRounds "9"]
[EventCountry "NED"]
[EventCategory "10"]
[SourceTitle "CBM 093"]
[Source "ChessBase"]
[SourceDate "2003.04.01"]
[SourceVersion "1"]
[SourceVersionDate "2003.04.01"]
[SourceQuality "1"]

1. e4 c5 2. Nf3 Nc6 3. Bb5 e6 4. Bxc6 bxc6 5. O-O Ne7 6. b3 Ng6 7. Bb2 f6 8. d4
cxd4 9. Nxd4 Bc5 $5 {Black has some other options too:} (9... Be7 10. c4 O-O
11. Nc3 Qc7 12. Qd2 a6 13. Rad1 Bb7 14. f4 Rad8 15. Nde2 f5 16. exf5 {1/2-1/2
Savon,V-Gulko,B/Vilnius 1975/MCL (16)}) (9... Qc7 10. Qh5 c5 11. Nf5 {[%csl
Re8]} Qf4 (11... Bb7 $5) 12. Nc3 Bb7 13. g3 Qg5 14. Qxg5 fxg5 15. Ne3 Be7 16.
Rad1 Ba6 17. Rfe1 $13 {0-1 Cuartas,C-Lazarev,V/Montreal 2002/CBM 88 ext (62)})
10. c4 O-O 11. Nc3 Rb8 $146 {A new move according to my database,which doesn't
change the type of position.} (11... Qc7 12. Kh1 Be7 13. Rc1 Bb7 14. Rc2 a6 15.
f3 Rad8 16. Bc1 c5 17. Nde2 Bc6 18. Be3 Kh8 19. Rd2 $11 {1-0 Timman,J-Visier
Segovia,F/Las Palmas 1977/EXT 98 (33)}) 12. Qd2 Ba6 13. Na4 $6 {i don't like
this move,there is nothing to do here for white knight and also this move
helps black to get his own play with c5 and Bb7.It difficult to imagine more
logical move ,then to put some rook on d-file.} (13. Rfd1 $142 Bxc4 $140 $6 (
13... Qc7 $142 $13) 14. Na4 Bxd4 15. Qxd4 (15. Bxd4) 15... Bb5 16. Nc5 $14) (
13. Rad1 Bxc4 $5 14. bxc4 Bxd4 15. Qxd4 Rxb2 16. Qxa7 Rf7 $1 $11 (16... Ne5 17.
f4 Nxc4 18. Rxd7 Qb6+ 19. Qxb6 Nxb6 20. Rd6 $14)) 13... Be7 14. Rfe1 $2 {
White is playing without any plan and black easily get his play.} (14. f4 c5
15. Ne2 (15. f5 $143 cxd4 16. fxg6 e5 $1 $15 {[%csl Ge4]}) 15... d5 $1 16. exd5
exd5 17. cxd5 c4 $1 {and black has no problems}) (14. Rad1 $142 Qc7 $13 (14...
c5 $140 $6 15. Ne2 d6 16. f4 $1 $14 {[%cal Gf4f5]}) 15. Nc3 $11) 14... c5 15.
Nc2 (15. Ne2 Bb7 16. Rad1 Bc6 17. Nac3 f5 18. exf5 $140 Nh4 $40) 15... Bb7 {
Now black can defend d-pawn comfortably with Bc6} 16. Nc3 (16. f4 $2 f5 17. e5
Nh4 $17) 16... f5 17. Rad1 Bc6 18. exf5 $2 {very bad positional decision,white
opens black light squared bishop,which doesn't has his opponent and black is
getting very good attacking chances on the kingside.} (18. f3 $142 Bg5 19. Ne3
{and although black is better,white position remains solid}) 18... Rxf5 19. Ne4
(19. Ne3 Rg5 $36) 19... Nh4 (19... Bg5 20. Qc3 Qf8 21. f3 $15) 20. b4 $2 ({
More stubborn was} 20. Qd3 {[%cal Gd3g3]} Qf8 21. f3 {also after} (21. Qg3 Nxg2
$1 22. Qxg2 (22. Kxg2 $2 Rg5 $19 {[%cal Gg5g3,Gg3g2]}) 22... Rg5 23. Nxg5 Bxg2
24. Kxg2 Bxg5 25. Rxd7 Bf6 $17) (21. Ne3 Rf4 22. f3 Rxf3 $1 23. gxf3 Nxf3+ 24.
Kg2 Nxe1+ 25. Rxe1 Qf4 26. Nf1 Rf8 {[%cal Gf4f2]}) 21... Qf7 $1 {[%cal Gf7g6,
Gb8f8] black initiative is very dangerous}) 20... a6 {Cool reaction} (20...
cxb4 $140 21. Nd4 Bxe4 22. Rxe4 Rf7 23. Nb5) ({Deserve serious attention} 20...
Qe8 $5 {[%cal Ge8g6]} 21. b5 $140 Qg6 22. Ng3 Bxg2) 21. Qc3 (21. Bc3 Qe8 {
[%cal Ge8g6]}) (21. Qd3 Qf8 $1 $17 (21... Qe8 $143 22. Qg3 {[%cal Gg3g7]}))
21... Bf6 $1 {Just very simple} 22. Nxf6+ (22. Qb3 Bxb2 23. Qxb2 Nxg2 $1 24.
Kxg2 Qg5+ 25. Kf1 Rbf8 $1 {with decisive attack}) 22... Rxf6 $40 23. Re3 ({
Unfortunately for white doesn't work:} 23. Rxe6 dxe6 24. Rxd8+ Rxd8 25. Ne3
Bxg2 $1 $19) 23... Nf5 (23... Nxg2 24. Rg3 Nf4 25. Qd2 $1 (25. Qxf6 Ne2+ $19)
25... Nh5 26. Bxf6 Qxf6 $17) 24. Re5 (24. Red3 Rg6 25. g3 Qh4 26. f4 Qxf4 $19)
24... Rg6 25. g3 Qh4 $1 $19 26. Rd3 (26. Qd2 Rf8 $1 {[%cal Gf5g3]}) 26... Qxh2+
$1 27. Kf1 (27. Kxh2 Rh6+ 28. Kg1 Rh1#) 27... Rf8 {White is simply hopeless
against black threats} 0-1

[Event "Petrov Memorial op"]
[Site "St Petersburg"]
[Date "2000.02.13"]
[Round "6"]
[White "Kupreichik, Viktor D"]
[Black "Vaulin, Alexander"]
[Result "0-1"]
[WhiteElo "2480"]
[BlackElo "2540"]
[Annotator "Avrukh,B"]
[PlyCount "80"]
[EventDate "2000.02.05"]
[EventType "swiss"]
[EventRounds "9"]
[EventCountry "RUS"]
[SourceTitle "CBM 076"]
[Source "ChessBase"]
[SourceDate "2000.05.31"]
[SourceVersion "1"]
[SourceVersionDate "2000.05.31"]
[SourceQuality "1"]

1. e4 {Finkel,A} c5 2. Nc3 Nc6 3. Nf3 e5 4. Bc4 Be7 5. d3 Nf6 6. Ng5 O-O 7. f4
exf4 (7... h6 $2 8. Nxf7 Rxf7 9. f5 $1 Qe8 10. g4 Kh8 11. h4 Rf8 12. g5 Qh5 13.
gxf6 Qxd1+ 14. Kxd1 Bxf6 15. Nd5 $16 Ne7 $2 16. Nxf6 {1-0 Hector,J-Manninen,M/
FIN-SVE 1993}) 8. Bxf4 d5 $5 ({Black has managed to equalize after 8...d6:} 
8... d6 9. O-O (9. Qd2 $6 Na5 10. Bd5 Nc6 11. O-O Nxd5 12. Nxd5 Bxg5 13. Bxg5
f6 14. Bh4 Be6 $11 {1/2-1/2 Brodsky,M-Yudasin,L/Moscow Alekhine op 1992 (26)})
9... Ne5 10. Bb3 h6 11. Nf3 Bg4 12. d4 $2 Nxf3+ 13. gxf3 Bh3 14. Rf2 Nh5 $17 {
Bangiev,A-Boehm,J/OL-NW9798 1998/0-1 (87)}) 9. exd5 Nb4 (9... Bg4 10. Qd2 Nb4
11. d6 $6 Bxd6 12. O-O Bh5 13. Kh1 Bg6 14. Rae1 Bxf4 15. Rxf4 Nbd5 16. Nxd5
Nxd5 17. Rf3 Nb6 18. b3 {1/2-1/2 Payen,A-De Sousa,J/Bagneux 1996}) (9... Nd4 $5
10. O-O Bg4 11. Qd2 b5 12. Nxb5 Nxb5 13. Bxb5 Nxd5 14. Bc4 h6 15. Ne4 Kh7 16.
c3 $14 {1/2-1/2 Landa,K-Pisulinski,J/Polanica Zdroj op 1993 (33)}) 10. O-O Bg4
11. Qd2 Nbxd5 $6 12. Rae1 (12. Be5 $5) 12... Nxf4 13. Nxf7 $1 {Absolutely
unexpected blow.It turns out that after this move white's initiative is very
dangerous.} Rxf7 14. Qxf4 {[%cal Gc4g8]} Qd7 (14... Bh5 15. g4 $1 (15. Qe5 Bd6
16. Qf5) 15... Bd6 (15... Bxg4 16. Bxf7+ Kxf7 17. Qxg4 $18) 16. Qf3 Bg6 17. g5
$16) 15. h3 Bh5 (15... Bd6 $2 16. Bxf7+ Kxf7 17. Qxg4 $18 {[%cal Gf1f7]}) 16.
g4 Bg6 17. g5 Bd6 18. Qf3 Nh5 19. Ne4 Raf8 $6 {This logical move loses by
force,so better was} (19... Bf8 $5) 20. Qg4 Qc7 21. Rxf7 $6 {Slightly more
accurate was} (21. Nxd6 $1 Qxd6 22. Rxf7 Bxf7 23. Bxf7+ Kxf7 $2 (23... Rxf7 24.
Re8+ Rf8 25. Qc4+ (25. Rxf8+ Kxf8 26. Qxh5 Qd4+ $11) 25... Kh8 26. Qf7 Qg3+ 27.
Kf1 Qxh3+ 28. Ke1 Qh4+ 29. Kd2 Qxg5+ 30. Kc3 $18) 24. Qc4+ $18 {,but the same
thing happens in the game.}) 21... Bxf7 22. Nxd6 Bxc4 (22... Qxd6 23. Bxf7+
Rxf7 24. Re8+ Rf8 25. Qc4+ Kh8 26. Qf7 $18) 23. Qxc4+ Kh8 24. Nf7+ $1 Kg8 (
24... Qxf7 $4 25. Qxf7 Rxf7 26. Re8+ $18) 25. Nd6+ Kh8 26. Qf7 Qxd6 $6 (26...
Qxf7 27. Nxf7+ Kg8 28. Nd6 $16) 27. Re8 $1 $18 {White king easily escapes the
perpetual check.} Qg3+ 28. Kf1 Qxh3+ 29. Ke1 Qh4+ 30. Kd1 Qg4+ 31. Kd2 Qxg5+
32. Kc3 Qf6+ $8 {Ther is no other choise.} 33. Qxf6 Rxe8 34. Qf7 Nf6 35. Qxb7
h5 36. Qxa7 Re5 $5 37. a4 (37. Qb8+ Re8 38. Qh2) 37... Kh7 38. a5 h4 39. Qc7 $4
{After such a fantastic play white just throws the game in one move.} Nd5+ $19
40. Kc4 Nxc7 0-1

[Event "Perenyi Memorial"]
[Site "Gyula"]
[Date "2000.01.27"]
[Round "4"]
[White "Yu, Shaoteng"]
[Black "Wang, Rui"]
[Result "1/2-1/2"]
[WhiteElo "2535"]
[BlackElo "2496"]
[Annotator "Avrukh,B"]
[PlyCount "69"]
[EventDate "2000.01.24"]
[EventType "tourn"]
[EventRounds "13"]
[EventCountry "HUN"]
[EventCategory "9"]
[SourceTitle "CBM 076"]
[Source "ChessBase"]
[SourceDate "2000.05.31"]
[SourceVersion "1"]
[SourceVersionDate "2000.05.31"]
[SourceQuality "1"]

1. e4 {Finkel,A} c5 2. Nf3 e6 3. d3 Nc6 4. g3 Nf6 5. Bg2 d6 6. O-O Be7 7. Re1
O-O 8. c3 e5 $5 {Black is not afraid of weakness of square d5} (8... Qc7 9.
Nbd2 b5 10. d4 d5 11. exd5 exd5 12. Ne5 Be6 13. Nxc6 Qxc6 14. dxc5 Bxc5 15. Nb3
Bb6 16. Be3 $14 {Kochetkov,G-Hansen,K/Aalborg op 1995/1-0 (43)}) (8... d5 $6 9.
e5 Ne8 10. d4 h6 11. Bf4 Nc7 12. Nbd2 Bd7 13. Nf1 c4 14. h4 b5 15. a3 a5 16. g4
$40 {Valido,C-Cruz Lima,J/CUB-ch sf 1995/1-0 (47)}) (8... Bd7 9. a3 e5 10. b4
b5 11. Bb2 cxb4 12. cxb4 a5 13. Nc3 Rb8 $6 (13... axb4 14. Nxb5 bxa3 15. Bxa3)
14. Nd5 axb4 15. axb4 Ra8 16. Rxa8 Qxa8 17. Nxe7+ $16 {Brkljaca,A-Vukic,M/
JUG-chT 1993 (40)}) 9. Na3 (9. Nbd2 Ne8 $6 10. d4 cxd4 11. cxd4 Bg4 12. h3 Bh5
13. g4 Bg6 14. d5 Nb8 15. Nf1 $14 {1/2-1/2 Pinter,G-Sarkadi,L/HUN-chT2 9798
1997 (54)}) 9... Re8 10. Nc2 ({The position of different charecter would arise
after} 10. d4 $5 cxd4 (10... exd4 $6 11. cxd4 d5 12. exd5 (12. e5 $2 Ne4 13.
Nc2 Bg4 14. h3 Bxf3 15. Bxf3 cxd4 $17 {[%csl Re5]}) 12... Qxd5 13. Be3 $14) 11.
cxd4 Bg4 12. d5 Nd4 13. Be3 Bxf3 14. Bxf3 Qb6 $14 {,but in both cases white
keeps better chanses.}) 10... Bf8 11. Bg5 $5 {[%csl Rd5]} h6 12. Bxf6 Qxf6 13.
Ne3 Be6 14. Rf1 $5 Qd8 $6 ({Black shoulld opt for} 14... Ne7 15. Nd2 g5 $5 $13
{not giving white to transfer f4.}) 15. Nd2 Ne7 16. f4 $14 exf4 17. gxf4 f5 $6
{Sacrificing a pawn without sufficient compensation,but white is better any
way:} (17... Nc6 18. Qf3 Rc8 19. Qg3 b5 20. Nf3 $40 {[%cal Gf4f5,Gf5f6,Gf3h4]})
18. exf5 (18. Re1 Rb8 19. Qf3 g6 20. Qg3 Bg7 21. Nf3 Kh7 $132) 18... Nxf5 19.
Nxf5 Bxf5 20. Bxb7 Rb8 21. Bd5+ Be6 (21... Kh8 22. Nc4 Be6 23. Qf3) 22. Qf3 $5
Bxd5 (22... Rxb2 $6 23. Nc4 $2 (23. Bxe6+ Rxe6 24. Qd5 Qf6 25. Rae1 (25. f5 $2
Qg5+ 26. Kh1 Qxd2 $19) 25... Qg6+ 26. Kh1 Rxd2 27. Rxe6 Qxd3 28. Qxd3 Rxd3 29.
Rc1 $14) 23... Rc2 24. Bxe6+ (24. Rae1 Bxd5 25. Qxd5+ Kh8 26. Rxe8 Qxe8 $17 {
[%csl Rg1]}) 24... Rxe6 25. Qd5 $2 Qh4 $1 $19) 23. Qxd5+ Kh8 24. Nc4 (24. b3 $6
Re2 25. Ne4 Qh4 26. Rf2 Rxf2 27. Nxf2 Qxf4 $13) 24... Re2 25. Rae1 Qe8 (25...
Rxe1 26. Rxe1 Qh4 27. Rf1 Re8 28. Qg2 $14) 26. Rxe2 Qxe2 27. Qe4 $5 ({Better
was} 27. f5 $1 Re8 28. Qf3 $1 $16) (27. Qf3 $2 Qxf3 28. Rxf3 d5 29. Ne5 Rxb2
$11) 27... Qg4+ 28. Kh1 Qh5 29. f5 (29. Qg2 Re8 30. Qf3 $16) 29... Re8 30. Qf3
Qg5 31. f6 $6 {Bringing black bishop back to play.} Re6 32. fxg7+ (32. f7 Rf6 (
32... d5 $6 33. Rg1 $1 Qd8 34. Ne3 Rf6 35. Qxd5 Qxd5+ 36. Nxd5 Rxf7 37. Kg2 $16
) 33. Qg2 Rxf1+ 34. Qxf1 Qd5+ 35. Kg1 Qg5+ 36. Kf2 Qh4+ 37. Kg2 Qg5+ $11) 32...
Bxg7 33. Qf5 (33. Qa8+ Kh7 34. Rg1 Qf5 35. Qb7 Re7 $1 36. Nxd6 (36. Qxe7 Qf3+
37. Rg2 Qf1+ $11) 36... Qxd3 $1 $11) 33... Qe7 34. Rg1 Re2 35. Qc8+ {It's very
hard for white to make any progress,so...} 1/2-1/2

[Event "Rovno"]
[Site "Rovno"]
[Date "2000.??.??"]
[Round "14"]
[White "Lastin, Alexander"]
[Black "Smetankin, Stanislav"]
[Result "1-0"]
[WhiteElo "2510"]
[BlackElo "2401"]
[Annotator "Avrukh,B"]
[PlyCount "83"]
[EventDate "2000.01.20"]
[EventType "tourn"]
[EventRounds "15"]
[EventCountry "UKR"]
[EventCategory "8"]
[SourceTitle "CBM 076"]
[Source "ChessBase"]
[SourceDate "2000.05.31"]
[SourceVersion "1"]
[SourceVersionDate "2000.05.31"]
[SourceQuality "1"]

1. Nf3 {Finkel,A} c5 2. e4 Nc6 3. Nc3 Nf6 4. Bb5 g6 5. e5 Ng4 6. Bxc6 dxc6 7.
d3 (7. h3 Nh6 8. g4 (8. O-O Bg7 9. d3 O-O 10. Bf4 Nf5 11. Qd2 Nd4 $132 {
Bjerring,K-Campos Moreno,J/Barbera op 1996/0-1 (45)}) 8... f5 (8... Bg7 9. d3
f5 10. g5 Nf7 11. Bf4 Be6 12. h4 Qc7 13. h5 gxh5 14. Qe2 O-O-O $132 {1-0 Baron
Rodriguez,J-Garcia Melgar,J/ESP-chTB 1996 (37)}) 9. exf6 (9. g5 Nf7 10. d3 Bg7
11. Bf4 Be6 12. Qe2 Qa5 13. Bd2 Qc7 14. O-O-O O-O-O 15. Rde1 b5 $13 {Polgar,
J-Ochoa de Echaguen,F/New York op 1989/1-0 (63)}) 9... exf6 10. d3 Nf7 11. Be3
b6 12. Qe2 Qe7 {1/2-1/2 Makarichev,S-Andonov,B/Frunze 1989}) 7... Bg7 (7... h5
$5) 8. Bf4 Nh6 9. Ne4 Nf5 $5 10. c3 $1 {[%csl Rc5,Rf5]} b6 11. Qd2 Ba6 $5 {
Black finds very interesting possibility to create counterplay} (11... h5 $5)
12. O-O-O Qd5 $5 13. g4 O-O-O {Black could change the order of moves and to
start with 13...Q:a2} (13... Qxa2 14. gxf5 O-O-O 15. Qc2) 14. gxf5 Qxa2 $1 (
14... gxf5 $6 15. c4 Bxc4 16. dxc4 Qxc4+ 17. Qc2 Qxc2+ 18. Kxc2 fxe4 19. Nd2
$16) 15. Qc2 Bxd3 $1 {[%csl Rh1]} (15... gxf5 $5 16. Ng3 Qd5 17. Qe2 Bxd3 18.
Rxd3 Qxd3 19. Qxd3 Rxd3 20. Ne1 $14) 16. Rxd3 Qa1+ 17. Qb1 Qxb1+ 18. Kxb1 Rxd3
19. Ne1 $5 Rd1+ 20. Kc2 Rhd8 {The arising position is extremly complicated and
it's very hard to say who is better.} (20... Rd5 $5 21. f6 exf6 22. exf6 Bf8
23. Nd3 Rf5 24. Bg3 $14) 21. f6 exf6 22. exf6 Bf8 23. Bd2 Ra1 24. h4 $1 {
[%cal Gh1h3,Gh4h5]} h6 25. Rh3 c4 (25... Rd5 $5 26. Ng2 c4 27. Ne3 Rd3 28. Rg3
b5 29. Ng4 $14) 26. Ng2 a5 27. Ne3 b5 28. Ng4 Rd5 (28... b4 29. cxb4 axb4 30.
Ne5 (30. Bxh6 $2 Bxh6 31. Nxh6 Rdd1 $1 $19) 30... Re8 31. f4 Kc7 32. Re3 $13)
29. f4 a4 $2 {After this move black is in troubles.} 30. Ne5 $16 a3 31. bxa3
Kb7 (31... Ra2+ 32. Kd1) 32. Nxf7 Ra2+ 33. Kd1 Bxa3 34. Ne5 b4 35. cxb4 Bxb4
36. Nxc4 Rd4 37. Rb3 $1 $18 Ra1+ 38. Kc2 Rxe4 (38... Rxc4+ 39. Kd3 Rxe4 40.
Kxe4 c5 41. Bxb4 cxb4 42. Rxb4+ Kc7 43. f7 Ra8 44. Ke5 $18) 39. Rxb4+ Kc7 40.
f7 Ra8 41. Ne5 Re2 42. Nxg6 1-0